Selected poems (Record no. 562)

MARC details
000 -LEADER
fixed length control field 00441 a2200169 4500
001 - CONTROL NUMBER
control field 066517
003 - CONTROL NUMBER IDENTIFIER
control field OSt
005 - DATE AND TIME OF LATEST TRANSACTION
control field 20210930162658.0
008 - FIXED-LENGTH DATA ELEMENTS--GENERAL INFORMATION
fixed length control field
082 ## - DEWEY DECIMAL CLASSIFICATION NUMBER
Classification number 821.7
Item number C67S
100 1# - MAIN ENTRY--PERSONAL NAME
Personal name Coleridge, Samuel Taylor
245 1# - TITLE STATEMENT
Title Selected poems
Statement of responsibility, etc by Samuel Taylor Coleridge
260 ## - PUBLICATION, DISTRIBUTION, ETC. (IMPRINT)
Place of publication, distribution, etc London
Name of publisher, distributor, etc Bloomsbury
Date of publication, distribution, etc 1993
300 ## - PHYSICAL DESCRIPTION
Extent 124p.
690 ## - LOCAL SUBJECT ADDED ENTRY--TOPICAL TERM (OCLC, RLIN)
Topical term or geographic name as entry element American poetry; Poets, American; Poetry;
942 ## - ADDED ENTRY ELEMENTS (KOHA)
Source of classification or shelving scheme Dewey Decimal Classification
Koha item type Books
Holdings
Withdrawn status Lost status Source of classification or shelving scheme Damaged status Not for loan Collection code Home library Current library Date acquired Source of acquisition Cost, normal purchase price Total Checkouts Full call number Barcode Date last seen Date checked out Price effective from Koha item type
    Dewey Decimal Classification     General Text Book Central University Of Rajasthan Central University Of Rajasthan 07/03/2012 ENG 535.00 1 821.7 C67S 803 22/09/2022 22/09/2022 02/09/2020 Books